| 000 | 01580nam0a22003011 4500 | ||
|---|---|---|---|
| 001 | rc\3775678 | ||
| 005 | 20260407144601.0 | ||
| 021 |
_aRU _b75-92337 |
||
| 021 |
_aRU _bРг984-76 |
||
| 035 | _a(NLR Aleph) 007223322 | ||
| 090 |
_a7704442 _c7704442 |
||
| 100 | _a20120127d1975 |||y0rusy50 ca | ||
| 101 | 1 |
_arus _ceng |
|
| 102 | _aRU | ||
| 105 | _ab z ||||| | ||
| 200 | 1 |
_aДеятельность национальной службы погоды США _e[Доклад] _eПер. с англ. _f[Под ред. д. ф.-м. н. Г.В. Груза] _gГл. упр. гидрометеорол. службы при Совете Министров СССР. ВНИИ гидрометеорол. информации. Мировой центр данных. Информ. центр |
|
| 210 |
_aОбнинск _cБ. и. _d1975 |
||
| 215 |
_a224 с. _cкарт. _d26 |
||
| 311 | _aНа обороте тит. л.: Operation of the national weather service | ||
| 454 | 0 |
_12001#$aOperation of the national weather service _tOperation of the national weather service |
|
| 532 | 1 | 2 | _aДеятельность национальной службы погоды Соединенных Штатов Америки |
| 702 | 1 |
_4340 _7ca _8rus _aГруза _bГ. В. _f1931- _gГеоргий Вадимович _9145011 _3RU\NLR\AUTH\770145047 |
|
| 712 | 0 | 2 |
_aВНИИ гидрометеорологической информации _cОбнинск _3RU\NLR\AUTH\8810019466 _9536823 |
| 801 | 0 |
_aRU _bNLR _gpsbo |
|
| 801 | 1 |
_aRU _bELAR _2rusmarc |
|
| 852 |
_aNLR _j76-7/117 |
||
| 942 | _cBOOK | ||
| 980 | _aNB | ||